00427nam a2200145Ia 4500003000400000008004100004040001600045082001800061100001900079245008700098260003900185300001000224650002100234650002600255GCL140319s9999 xx 000 0 eng d aGCL / cGCL04a618.9289bW D1 aWENAR, CHARLES10aDEVELOPMENTAL PSYCHOPATHOLOGY: FROM INFANCY THROUGH ADOLESCENCE / cWENAR, CHARLES a[S.N] : bMC GRAW - HILL ، c1994 a588 P04aCHILD PSYCHOLOGY04aADOLESCENT PSYCHOLOGY